000 00407nmm a2200145Ia 4500
008 251105s9999||||xx |||||||||||||||||und||
041 _aspa
100 _avarios, Autores varios
245 0 _aLondres :
_b Edición 2015
264 _a[Madrid, España] :
_bEcos Travel Books,
_c2012
300 _a60 páginas
490 _aGUÍAS10
856 _uhttps://public.digitaliapublishing.com/a/33893
942 _cCF
999 _c99427
_d99427